00710cam a22002291 4500001001300000003000400013005001700017008004100034010001700075035001800092040001800110042001200128050001800140100002000158245007100178260004900249300009000298500001700388651002500405700003300430999001700463he 68004302 DLC20260227111508.0721114s1965 xx 000 0 eng  ahe 68004302  a(OCoLC)494099 aDLCcOCHdDLC apremarc00aDS110.M5bL521 aLivneh, Mikhah.10aMasada,bby Micha Livneh and Zeʻev Meshel. Preface: Yigael Yadin. a[Tel Aviv,bNational Parks Authority,c1965] a[33] p. (incl. cover)billus., facsim., col. maps (1 fold.), col. plans.c12 x 17 cm. aCover title. 0aMasada Site (Israel)1 aMeshel, Zeev,ejoint author. c34067d34067